000 00667nam a22001817a 4500
003 UA-OsUOA
001 14432
007 ta
008 20030916b un ||||| |||| 00| 0 ukr d
100 _aГорячий Д.
942 _cSA
040 _aUA-OsUOA
_cUA-OsUOA
_dUA-OsUOA
245 _aПриречені на творчий експеримент : [Про експеримент. театр-студію "Від ліхтаря" , що діє при рівнен. Палаці дітей та молоді
300 _aС.7
955 _a0
773 0 _w0
_tВільне слово
_dРівне
_d2003
_g№71
650 7 _aКраєзнавча робота
_2UDC
999 _c300593
_d300593